|
|
|
|
| LEADER |
00000nab a2200000 ar4500 |
| 001 |
vtls009454608 |
| 003 |
SK-MaSNL |
| 005 |
20260318114828.0 |
| 008 |
081212c2008 xo ||||||||o |000 b|hun |
| 015 |
|
|
|a SNBRB2008/12
|2 snkbucl
|
| 038 |
|
|
|a SNKBUCL
|
| 040 |
|
|
|a DSZK
|b slo
|c DSZK
|e AACR2
|
| 041 |
0 |
|
|a hun
|
| 044 |
|
|
|a xo
|c SK
|
| 080 |
|
|
|a 82:929:821.511.141 (437.6)
|x (048)
|2 1997
|
| 080 |
|
|
|a 821.511.141 (437.6):929
|x (048)
|2 1997
|
| 080 |
|
|
|a 929 Cselényi, László
|x (048)
|2 1997
|
| 100 |
1 |
|
|a Mács, József,
|d 1931-2017
|4 aut
|9 193257
|
| 245 |
1 |
0 |
|a A hegyaljától a párizsi Bakonyig-
|b (Pomogáts Béla Cselényi László című monográfiájáról)
|c Mács József
|
| 600 |
1 |
7 |
|a Cselényi, László,
|d 1938-2023
|2 snkbucl
|9 241940
|
| 655 |
|
7 |
|a monografie
|2 snkbucl
|9 70139
|
| 655 |
|
7 |
|a recenzie
|2 snkbucl
|9 21907
|
| 773 |
0 |
|
|t Irodalmi szemle
|g Évf. LI, sz. 10 (2008), o. 73-76
|x 1336-5088
|
| 787 |
0 |
8 |
|i Rec.:
|a Pomogáts, Béla, 1934-
|t Cselényi László
|d Dunaszerdahely : Nap Kiadó, 2007
|
| 852 |
|
|
|a SNK
|b KIS3GCP
|
| 852 |
|
|
|a DSZK
|b KIS3GCP
|
| 958 |
|
|
|a HU
|
| 958 |
|
|
|a SK
|
| 958 |
|
|
|a LX
|
| 958 |
|
|
|a RC
|
| 999 |
|
|
|c 3292001
|d 3293931
|